logo

Bir Sreshtho Munshi Abdur Rouf Library
Jhenaidah Cadet College

Aggregate supply and demand analysis (Record no. 9899)

MARC details
000 -LEADER
fixed length control field 00883cam a22002771 4500
001 - CONTROL NUMBER
JCCL Control Number 9899
003 - CONTROL NUMBER IDENTIFIER
JCCL marc code BD-JhCC
005 - DATE AND TIME OF LATEST TRANSACTION
control field 20180403103938.0
008 - FIXED-LENGTH DATA ELEMENTS--GENERAL INFORMATION
fixed length control field 711109s1964 nyua b 000 0 eng
035 ## - SYSTEM CONTROL NUMBER
system control number (BD-JhCC)9899
035 ## - SYSTEM CONTROL NUMBER
system control number (OCoLC)170112
040 ## - CATALOGING SOURCE
Original cataloging agency DLC
Transcribing agency ODaWU
Modifying agency OCoLC
-- DLC
041 ## - LANGUAGE CODE
Language code of Book eng
050 00 - LIBRARY OF CONGRESS CALL NUMBER
Classification number HB201
Item number .D26
082 ## - DEWEY DECIMAL CLASSIFICATION NUMBER
Classification number 330.156
Author mark and Year PAU 1964
100 1# - MAIN ENTRY--PERSONAL NAME
Personal name Davidson, Paul,
Dates associated with a name 1930-
245 10 - TITLE STATEMENT
Title Aggregate supply and demand analysis
Statement of responsibility, etc [by] Paul Davidson and Eugene Smolensky. With a section on Social accounts: theory and measurement, by Charles L. Leven.
260 ## - PUBLICATION, DISTRIBUTION, ETC. (IMPRINT)
Place of publication, distribution, etc New York,
Name of publisher, distributor, etc Harper & Row
Date of publication, distribution, etc [c1964]
300 ## - PHYSICAL DESCRIPTION
Pagination xiv, 274 p.
Other physical details diagrs., tables.
Dimensions 22 cm.
504 ## - BIBLIOGRAPHY, ETC. NOTE
Bibliography, etc Bibliographical footnotes.
650 #0 - SUBJECT ADDED ENTRY--TOPICAL TERM
Topical term or geographic name as entry element Supply and demand.
650 #0 - SUBJECT ADDED ENTRY--TOPICAL TERM
Topical term or geographic name as entry element Keynesian economics.
700 1# - ADDED ENTRY--PERSONAL NAME
Personal name Smolensky, Eugene,
942 ## - ADDED ENTRY ELEMENTS (KOHA)
Source of classification or shelving scheme Dewey Decimal Classification
Koha item type Books
Holdings
Source of classification or shelving scheme Damaged status Not for loan Home library Current library Shelving location Date of accession Total Checkouts Full call number Barcode Date last seen Copy number Koha item type
Dewey Decimal Classification     JCC Rouf Library JCC Rouf Library General Stacks 04/03/2018   330.156 PAU 1964 11307 04/03/2018 C-1 Books

JCC Library | Contacts | JCC Home

Last Update on 23 September 2017
Copyright @ 2017-2020 JCC Rouf Library
Rouf Library, Jhenidah Cadet College (JCC), Bangladesh